Perspective sketches

Αποθηκεύτηκε σε:
Λεπτομέρειες βιβλιογραφικής εγγραφής
Κύριος συγγραφέας: Walker, Theodore D.
Μορφή: Βιβλίο
Γλώσσα:English
Δημοσίευση: New York : Van Nostrand Reinhold, 1989
Έκδοση:5th ed.
Θέματα:
Ετικέτες: Προσθήκη ετικέτας
Δεν υπάρχουν, Καταχωρήστε ετικέτα πρώτοι!

MARC

LEADER 00000nam a2200000 i 4500
001 1/68695
008 931206s1989 eng d
020 |a 0-442-23781-2 
035 |a ΛΕΣΒΟΣb10002114  |l 10002114 
040 |a GR-MY-UA  |b gre  |e aacr 
041 0 |a eng 
082 0 |a 712.3 
100 1 |a Walker, Theodore D. 
245 1 0 |a Perspective sketches /  |c Theodore D. Walker 
250 |a 5th ed. 
260 |a New York :   |b Van Nostrand Reinhold,   |c 1989 
300 |a viii, 232 σ.;  |b εικ. (μερ. έγχρ.);  |c 28 εκ. 
504 |a Περιέχει ευρετήριο 
650 0 0 |a Perspective. 
650 0 0 |a Architectural drawing. 
852 |a INST  |b LESVOS  |e 19931206  |h 712.3 WAL  |p 005100004895  |q 005100004895  |t BK  |y 0 
909 |a Λ  |b 032774